000 00702nam a2200289Ia 4500
005 20260324113417.0
008 008 260324s9999 xx 000 0 eng d
020 _a9781003261056
037 _aEBOOK
040 _aCRL
040 _beng
040 _cCRL
041 _2eng
041 _aeng
084 _qCRL
100 _aChunmeizi Su
_91146661
245 0 _aDouyin, TikTok and China’s Online Screen Industry
245 4 _bThe Rise of Short-Video Platforms
260 _bTaylor and Francis
260 _c2023
365 _a
365 _b230
856 _uhttp://www.taylorfrancis.com/books/9781003261056
942 _cEBOOK
999 _c1736293
_d1736293